000 00595nam a2200193 a 4500
001 000030726
005 20250723150125.0
008 110526s2004 dr 000 0 spa d
040 _aDO-SdBNP
_bspa
_cBNPHU
082 _aRD868.44
_bC758a
100 1 _aConsuegra, Diosdado
_957305
245 1 0 _aAdan y Eva comían mangú :
_bcrónicas dominicanas /
_cDiosdado Consuegra.
260 _a[Santo Domingo :
_bs.n.,
_cs.f.].
300 _a102 p. ;
_c21 cm.
650 0 _aProsa dominicana
_912146
650 0 _aLiteratura dominicana.
_967
910 _aValidado. Control de calidad EMS
049 _aBNPD
999 _c30218
_d30218